| 000 | 00717cab a2200217 4500 | ||
|---|---|---|---|
| 001 | ABS37289 | ||
| 008 | 090401t1987 xxu||||| |||| 00| 0 eng d | ||
| 035 | _a(Sirsi) u3538 | ||
| 041 | _aeng | ||
| 110 |
_aAnthony Williams and Partners _93 |
||
| 245 | _aDrummond Centre | ||
| 260 | _c1987 | ||
| 350 | _a0 | ||
| 490 |
_aBuilding _v252(2) 9 January 1987,41-48 (7) |
||
| 520 | _aBuilding Dossier on the Drummond shopping centre in Croydon , concentrating on its design . Includes centre manager`s report,architect`s report and contract information. Photos,plans. | ||
| 650 | _aBUILDING PROJECTS | ||
| 650 | _aSHOPPING CENTRE | ||
| 690 | _aBUILDING AND CONSTRUCTION-PROJECTS | ||
| 942 | _n0 | ||
| 948 | _c04/03/1997 | ||
| 999 |
_c2177 _d2177 |
||